000 00358nam a2200133Ia 4500
999 _c26398
_d26398
008 230413s9999||||xx |||||||||||||| ||und||
020 _a9780143423683
082 _a303.4954
_bK141
100 _aAbdul Kalam, A. P. J
245 0 _aIndia 2020: a vision for the new millennium
260 _aGurgaon
_bPenguin Books
_c1998
300 _axvi, 324 p.
942 _cBK